| 000 -LEADER |
| fixed length control field |
00902nam a22001457a 4500 |
| 008 - FIXED-LENGTH DATA ELEMENTS--GENERAL INFORMATION |
| fixed length control field |
240425b ||||| |||| 00| 0 eng d |
| 100 ## - MAIN ENTRY--PERSONAL NAME |
| Personal name |
Misra, Salil |
| 245 ## - TITLE STATEMENT |
| Title |
Hindi in the Nineteenth century: Literary and political trajectories |
| 260 ## - PUBLICATION, DISTRIBUTION, ETC. (IMPRINT) |
| Place of publication, distribution, etc |
Social Scientist |
| 300 ## - PHYSICAL DESCRIPTION |
| Extent |
52(1-2), Jan-Feb, 2024: p.3-22 |
| 520 ## - SUMMARY, ETC. |
| Summary, etc |
Bipan Chandra gave his first, Presidential address ‘Colonialism and moderniatio, for the modern Indian section of the Indian history congress in 1970, in which he argued that, country to conventional wisdom, the periods when the links between British colonialism and India economy were weakened or disrupted (such as during the two world wars and the depression) were also the periods when a major sport in India’s industrial development took place (Chandra 1979-138). – Reproduced |
| 773 ## - HOST ITEM ENTRY |
| Main entry heading |
Social Scientist |
| 906 ## - LOCAL DATA ELEMENT F, LDF (RLIN) |
| Subject DIP |
LANGUAGES |
| 942 ## - ADDED ENTRY ELEMENTS (KOHA) |
| Item type |
Articles |